[Event "EUYCC 2025 - U12"]
[Site "?"]
[Date "2025.08.24"]
[Round "6.6"]
[White "Hrckova, Anna"]
[Black "Bogomolnikova, Zlata"]
[Result "1/2-1/2"]
[BlackElo "1798"]
[WhiteElo "1705"]
[LiveChessVersion "1.4.8"]

1. e4 {[%clk 1:30:58]} c5 {[%clk 1:30:54]} 2. c3 {[%clk 1:31:24]} d5
{[%clk 1:31:19]} 3. exd5 {[%clk 1:31:49]} Qxd5 {[%clk 1:31:40]} 4. d4
{[%clk 1:32:12]} Nf6 {[%clk 1:30:54]} 5. Nf3 {[%clk 1:32:30]} Bg4
{[%clk 1:31:17]} 6. Be2 {[%clk 1:32:56]} e6 {[%clk 1:31:11]} 7. h3
{[%clk 1:33:20]} Bh5 {[%clk 1:31:36]} 8. O-O {[%clk 1:33:38]} Nc6
{[%clk 1:31:16]} 9. Be3 {[%clk 1:33:18]} cxd4 {[%clk 1:31:34]} 10. cxd4
{[%clk 1:33:40]} Be7 {[%clk 1:31:38]} 11. Nc3 {[%clk 1:34:04]} Qd6
{[%clk 1:31:33]} 12. Qb3 {[%clk 1:16:24]} O-O {[%clk 1:31:02]} 13. Rfd1
{[%clk 1:14:27]} Rfd8 {[%clk 1:26:07]} 14. Rac1 {[%clk 1:09:21]} a6
{[%clk 1:08:00]} 15. Rd2 {[%clk 0:51:17]} Nb4 {[%clk 1:01:16]} 16. Bg5
{[%clk 0:37:00]} Nbd5 {[%clk 0:47:17]} 17. Ne5 {[%clk 0:28:30]} Bxe2
{[%clk 0:42:23]} 18. Rxe2 {[%clk 0:28:24]} Rab8 {[%clk 0:31:25]} 19. Rce1
{[%clk 0:23:36]} h6 {[%clk 0:28:06]} 20. Nxf7 {[%clk 0:22:15]} Kxf7
{[%clk 0:27:06]} 21. Rxe6 {[%clk 0:22:36]} Qxe6 {[%clk 0:25:03]} 22. Rxe6
{[%clk 0:23:01]} Kxe6 {[%clk 0:25:28]} 23. Bf4 {[%clk 0:19:52]} Bd6
{[%clk 0:25:06]} 24. Bxd6 {[%clk 0:19:38]} Rxd6 {[%clk 0:23:29]} 25. Na4
{[%clk 0:15:22]} b6 {[%clk 0:19:24]} 26. Qg3 {[%clk 0:13:03]} Rb7
{[%clk 0:15:55]} 27. Qe5+ {[%clk 0:12:25]} Kd7 {[%clk 0:16:15]} 28. Qg3
{[%clk 0:11:38]} Kc6 {[%clk 0:15:36]} 29. Qd3 {[%clk 0:11:29]} a5
{[%clk 0:14:11]} 30. Qc4+ {[%clk 0:11:47]} Kd7 {[%clk 0:14:15]} 31. Qb3
{[%clk 0:11:18]} Rc7 32. Qg3 {[%clk 0:10:37]} g5 {[%clk 0:12:53]} 33. Qf3
{[%clk 0:10:17]} Ke7 {[%clk 0:09:19]} 34. Qg3 {[%clk 0:08:47]} Re6
{[%clk 0:08:09]} 35. Nc3 {[%clk 0:09:03]} Rcc6 {[%clk 0:07:52]} 36. Qf3
{[%clk 0:06:50]} Nxc3 {[%clk 0:06:30]} 37. bxc3 {[%clk 0:07:17]} Ne4
{[%clk 0:05:34]} 38. d5 {[%clk 0:07:10]} Rxc3 {[%clk 0:05:54]} 39. Qf5
{[%clk 0:07:35]} Rc1+ {[%clk 0:03:04]} 40. Kh2 {[%clk 0:07:59]} Rf6
{[%clk 0:02:40]} 41. Qxe4+ {[%clk 0:08:18]} Kd6 {[%clk 0:02:32]} 42. Qd4
{[%clk 0:07:49]} Rf4 {[%clk 0:02:25]} 43. Qxb6+ {[%clk 0:08:03]} Kxd5
{[%clk 0:02:30]} 44. Qxa5+ {[%clk 0:08:07]} Rc5 {[%clk 0:02:32]} 45. Qd8+
{[%clk 0:07:58]} Kc6 {[%clk 0:01:53]} 46. Qe8+ {[%clk 0:08:00]} Kd6
{[%clk 0:01:46]} 47. Qg6+ {[%clk 0:07:51]} Kc7 {[%clk 0:01:08]} 48. Qg7+
{[%clk 0:07:39]} Kc8 {[%clk 0:01:06]} 49. Qa7 {[%clk 0:03:22]} Rcf5
{[%clk 0:00:50]} 50. f3 {[%clk 0:03:11]} h5 {[%clk 0:00:52]} 51. a4
{[%clk 0:02:43]} g4 {[%clk 0:01:08]} 52. hxg4 {[%clk 0:02:58]} hxg4
{[%clk 0:01:24]} 53. fxg4 {[%clk 0:02:40]} Rxg4 {[%clk 0:01:05]} 54. Qa8+
{[%clk 0:02:37]} Kc7 {[%clk 0:01:12]} 55. Qa7+ {[%clk 0:02:58]} Kc8
{[%clk 0:01:01]} 56. Qa6+ {[%clk 0:01:47]} Kc7 {[%clk 0:01:11]} 57. a5
{[%clk 0:01:09]} Rfg5 {[%clk 0:01:17]} 58. Qb6+ {[%clk 0:01:28]} Kc8
{[%clk 0:01:15]} 59. Qc6+ {[%clk 0:01:12]} Kd8 {[%clk 0:01:01]} 60. Qa8+
{[%clk 0:01:06]} Kc7 61. Qa7+ {[%clk 0:01:30]} Kc8 {[%clk 0:01:26]} 62. Qa6+
{[%clk 0:01:48]} Kc7 {[%clk 0:01:37]} 63. Qb6+ {[%clk 0:02:12]} Kc8
{[%clk 0:01:43]} 64. Qc6+ {[%clk 0:02:19]} Kd8 {[%clk 0:01:49]} 65. Qd6+
{[%clk 0:02:16]} Kc8 {[%clk 0:02:07]} 66. Qe6+ {[%clk 0:02:14]} Kd8
{[%clk 0:02:02]} 67. Qf6+ {[%clk 0:02:12]} Kc7 {[%clk 0:02:05]} 68. Qc3+
{[%clk 0:01:41]} Kb8 {[%clk 0:01:50]} 69. Qb3+ {[%clk 0:01:08]} Kc8
{[%clk 0:01:47]} 70. Qc2+ {[%clk 0:00:58]} Kb8 {[%clk 0:01:45]} 71. Qb3+
{[%clk 0:01:06]} Kc8 {[%clk 0:01:51]} 72. Qc2+ {[%clk 0:01:11]} Kb8
{[%clk 0:02:04]} 73. Qb1+ {[%clk 0:01:37]} Kc8 {[%clk 0:02:18]} 74. Qc1+
{[%clk 0:00:45]} Kb8 {[%clk 0:02:30]} 75. Qb2+ {[%clk 0:00:59]} Ka8
{[%clk 0:02:19]} 76. Qh8+ {[%clk 0:00:32]} Rg8 {[%clk 0:02:34]} 77. Qh3
{[%clk 0:00:53]} Rxg2+ {[%clk 0:02:49]} 78. Qxg2+ {[%clk 0:01:11]} Rxg2+
{[%clk 0:03:14]} 79. Kxg2 {[%clk 0:01:37]} Ka7 {[%clk 0:03:39]} 80. Kf3
{[%clk 0:01:53]} Ka6 {[%clk 0:04:05]} 81. Ke4 {[%clk 0:02:11]} Kxa5
{[%clk 0:04:29]} 1/2-1/2

[Event "EUYCC 2025 - U12"]
[Site "?"]
[Date "2025.08.24"]
[Round "6.7"]
[White "Cieslar, Nikodem"]
[Black "Gawerska, Karolina"]
[Result "1/2-1/2"]
[BlackElo "1583"]
[WhiteElo "1786"]
[LiveChessVersion "1.4.8"]

1. e4 {[%clk 1:30:57]} c5 {[%clk 1:30:52]} 2. c3 {[%clk 1:31:08]} d5
{[%clk 1:31:13]} 3. exd5 {[%clk 1:31:30]} Qxd5 {[%clk 1:31:35]} 4. d4
{[%clk 1:30:59]} Nf6 {[%clk 1:31:51]} 5. Nf3 {[%clk 1:31:22]} Bg4
{[%clk 1:32:14]} 6. Be2 {[%clk 1:30:41]} e6 {[%clk 1:32:23]} 7. O-O
{[%clk 1:29:24]} Nc6 {[%clk 1:32:41]} 8. Be3 {[%clk 1:28:23]} cxd4
{[%clk 1:33:00]} 9. cxd4 {[%clk 1:27:04]} Be7 {[%clk 1:33:06]} 10. h3
{[%clk 1:25:21]} Bh5 {[%clk 1:33:28]} 11. Nc3 {[%clk 1:25:41]} Qd6
{[%clk 1:33:48]} 12. Qb3 {[%clk 1:13:24]} O-O {[%clk 1:33:45]} 13. Rfd1
{[%clk 1:13:17]} Rfd8 {[%clk 1:34:00]} 14. Rac1 {[%clk 1:12:54]} Qb4
{[%clk 1:34:15]} 15. Qxb4 {[%clk 1:08:33]} Nxb4 {[%clk 1:34:32]} 16. g4
{[%clk 1:08:50]} Bg6 {[%clk 1:34:54]} 17. Ne5 {[%clk 1:09:07]} Rac8
{[%clk 1:35:01]} 18. Bf3 {[%clk 1:05:59]} Nfd5 {[%clk 1:30:45]} 19. Nxd5
{[%clk 1:01:00]} Nxd5 {[%clk 1:30:47]} 20. Bxd5 {[%clk 1:01:12]} exd5
{[%clk 1:15:01]} 21. Nxg6 {[%clk 0:57:05]} hxg6 {[%clk 1:15:12]} 22. Kf1
{[%clk 0:54:15]} Bd6 {[%clk 1:03:40]} 23. Ke2 {[%clk 0:51:38]} Kf8
{[%clk 1:03:33]} 24. Kd3 {[%clk 0:51:43]} Ke7 {[%clk 1:03:06]} 25. Re1
{[%clk 0:48:19]} Kd7 {[%clk 0:57:13]} 26. Bd2 {[%clk 0:47:02]} Re8
{[%clk 0:50:18]} 27. Rxc8 {[%clk 0:43:49]} Rxc8 {[%clk 0:49:29]} 28. Rh1
{[%clk 0:43:43]} f6 {[%clk 0:44:54]} 29. h4 {[%clk 0:39:18]} Rh8 {[%clk 0:44:29]}
30. f3 {[%clk 0:32:26]} Ke7 {[%clk 0:40:01]} 31. Rh3 {[%clk 0:26:57]} g5
{[%clk 0:32:40]} 32. h5 {[%clk 0:23:15]} Kf7 {[%clk 0:29:11]} 33. Rh1
{[%clk 0:22:23]} Re8 {[%clk 0:23:13]} 34. Re1 {[%clk 0:17:19]} Rxe1
{[%clk 0:23:13]} 35. Bxe1 {[%clk 0:17:45]} Ke6 {[%clk 0:23:30]} 36. Kc3
{[%clk 0:17:52]} a6 {[%clk 0:22:50]} 37. Kb3 {[%clk 0:16:25]} Bf4
{[%clk 0:21:29]} 38. Bb4 {[%clk 0:14:09]} Bd6 {[%clk 0:17:28]} 39. Bxd6
{[%clk 0:12:00]} Kxd6 {[%clk 0:17:36]} 40. Ka4 {[%clk 0:12:28]} b6
{[%clk 0:17:48]} 41. b4 {[%clk 0:12:34]} Kc7 {[%clk 0:16:14]} 42. b5
{[%clk 0:12:05]} a5 {[%clk 0:16:37]} 43. Kb3 {[%clk 0:12:30]} Kd6
{[%clk 0:16:54]} 44. Kc3 {[%clk 0:12:57]} Ke6 {[%clk 0:17:01]} 45. Kd3
{[%clk 0:13:24]} f5 {[%clk 0:16:28]} 46. Ke3 {[%clk 0:13:15]} fxg4
{[%clk 0:14:01]} 47. fxg4 {[%clk 0:13:39]} Kf6 {[%clk 0:14:23]} 48. Kd3
{[%clk 0:13:59]} Ke6 {[%clk 0:14:45]} 49. Kc2 {[%clk 0:14:24]} Kd6
{[%clk 0:14:53]} 50. Kd1 {[%clk 0:14:49]} Ke6 {[%clk 0:15:14]} 51. Ke1
{[%clk 0:15:12]} Kd6 {[%clk 0:15:32]} 52. Kf2 {[%clk 0:15:36]} Ke6
{[%clk 0:15:50]} 53. Ke3 {[%clk 0:16:05]} Kd6 {[%clk 0:15:40]} 54. Kd3
{[%clk 0:16:34]} Ke6 {[%clk 0:15:56]} 55. Kc2 {[%clk 0:17:00]} Kd6
{[%clk 0:16:18]} 56. Kd1 {[%clk 0:17:27]} Ke6 {[%clk 0:16:41]} 57. Ke1
{[%clk 0:17:52]} Kd6 {[%clk 0:17:05]} 1/2-1/2

[Event "EUYCC 2025 - U12"]
[Site "?"]
[Date "2025.08.24"]
[Round "6.8"]
[White "Strekalovs, Ernests"]
[Black "Hroch, Pavel"]
[Result "1-0"]
[BlackElo "1457"]
[WhiteElo "1683"]
[LiveChessVersion "1.4.8"]

1. Nf3 {[%clk 1:30:57]} d5 {[%clk 1:30:50]} 2. c4 {[%clk 1:31:23]} c6
{[%clk 1:30:44]} 3. b3 {[%clk 1:31:48]} Nf6 {[%clk 1:30:49]} 4. Bb2
{[%clk 1:32:12]} Bf5 {[%clk 1:29:53]} 5. e3 {[%clk 1:32:30]} e6 {[%clk 1:29:50]}
6. Be2 {[%clk 1:32:55]} Be7 {[%clk 1:30:13]} 7. O-O {[%clk 1:33:20]} O-O
{[%clk 1:29:41]} 8. d4 {[%clk 1:32:52]} Qc7 {[%clk 1:25:20]} 9. c5
{[%clk 1:31:50]} Nbd7 {[%clk 1:25:05]} 10. b4 {[%clk 1:32:08]} Rfb8
{[%clk 1:25:07]} 11. b5 {[%clk 1:28:25]} Nf8 {[%clk 1:23:24]} 12. a4
{[%clk 1:25:05]} Ng6 {[%clk 1:20:56]} 13. Qc1 {[%clk 1:19:51]} a6
{[%clk 1:20:39]} 14. b6 {[%clk 1:19:50]} Qd7 {[%clk 1:19:49]} 15. a5
{[%clk 1:20:06]} Ne4 {[%clk 1:18:37]} 16. Nbd2 {[%clk 1:20:04]} Re8
{[%clk 1:17:40]} 17. Rd1 {[%clk 1:19:02]} Bf8 {[%clk 1:17:10]} 18. Nxe4
{[%clk 1:17:38]} Bxe4 {[%clk 1:14:38]} 19. Ng5 {[%clk 1:16:00]} f6
{[%clk 1:13:27]} 20. Nxe4 {[%clk 1:16:12]} dxe4 {[%clk 1:13:16]} 21. Bc4
{[%clk 1:15:19]} Kh8 {[%clk 1:13:11]} 22. Qc2 {[%clk 1:14:33]} f5
{[%clk 1:10:39]} 23. Rd2 {[%clk 1:12:01]} Rad8 {[%clk 1:06:49]} 24. Rad1
{[%clk 1:12:15]} Nh4 {[%clk 1:07:03]} 25. Be2 {[%clk 1:08:30]} Qf7
{[%clk 1:04:08]} 26. Kh1 {[%clk 1:07:09]} Rd7 {[%clk 1:01:45]} 27. f4
{[%clk 0:52:27]} Red8 {[%clk 1:00:13]} 28. Rg1 {[%clk 0:46:49]} Qe7
{[%clk 0:58:45]} 29. Bc3 {[%clk 0:43:37]} g5 {[%clk 0:57:44]} 30. d5+
{[%clk 0:43:33]} Bg7 {[%clk 0:57:56]} 31. dxc6 {[%clk 0:34:50]} Rxd2
{[%clk 0:57:27]} 32. Bxd2 {[%clk 0:35:07]} gxf4 {[%clk 0:57:18]} 33. cxb7
{[%clk 0:33:25]} Qxb7 {[%clk 0:57:34]} 34. c6 {[%clk 0:33:45]} Qc8
{[%clk 0:56:28]} 35. c7 {[%clk 0:33:39]} Re8 {[%clk 0:55:35]} 36. exf4
{[%clk 0:33:46]} Bd4 {[%clk 0:54:20]} 37. Bc3 {[%clk 0:33:56]} Bxc3
{[%clk 0:54:29]} 38. Qxc3+ {[%clk 0:34:21]} Kg8 {[%clk 0:54:49]} 39. Qc4
{[%clk 0:34:23]} Ng6 {[%clk 0:54:50]} 40. Qxa6 {[%clk 0:34:37]} 1-0

[Event "EUYCC 2025 - U12"]
[Site "?"]
[Date "2025.08.24"]
[Round "6.9"]
[White "Svabova, Klara"]
[Black "Hamernikova, Iris"]
[Result "0-1"]
[BlackElo "1511"]
[WhiteElo "1653"]
[LiveChessVersion "1.4.8"]

1. d4 {[%clk 1:30:57]} d5 {[%clk 1:30:52]} 2. c4 {[%clk 1:31:24]} e6
{[%clk 1:31:09]} 3. Nc3 {[%clk 1:31:46]} Nf6 {[%clk 1:31:17]} 4. Bg5
{[%clk 1:32:11]} Be7 {[%clk 1:31:29]} 5. e3 {[%clk 1:32:33]} O-O {[%clk 1:31:38]}
6. Bd3 {[%clk 1:32:51]} h6 {[%clk 1:31:50]} 7. Bh4 {[%clk 1:33:13]} b6
{[%clk 1:32:12]} 8. Nf3 {[%clk 1:33:09]} Bb7 {[%clk 1:32:33]} 9. O-O
{[%clk 1:33:31]} c5 {[%clk 1:29:34]} 10. Ne5 {[%clk 1:20:56]} Nbd7
{[%clk 1:14:48]} 11. Nxd7 {[%clk 1:08:29]} Qxd7 {[%clk 1:14:24]} 12. Ne2
{[%clk 1:08:10]} a5 {[%clk 0:42:49]} 13. a4 {[%clk 1:01:09]} Rac8
{[%clk 0:30:11]} 14. Rc1 {[%clk 1:01:09]} Rfd8 {[%clk 0:29:01]} 15. f3
{[%clk 0:59:39]} Bc6 {[%clk 0:23:25]} 16. b3 {[%clk 0:59:08]} dxc4
{[%clk 0:22:09]} 17. Bxc4 {[%clk 0:59:02]} Nd5 {[%clk 0:22:10]} 18. Bf2
{[%clk 0:57:59]} Nb4 {[%clk 0:22:16]} 19. Nf4 {[%clk 0:53:55]} cxd4
{[%clk 0:16:52]} 20. exd4 {[%clk 0:53:35]} Bf6 {[%clk 0:17:05]} 21. Ne2
{[%clk 0:52:49]} Bd5 {[%clk 0:14:37]} 22. Bb5 {[%clk 0:46:45]} Bc6
{[%clk 0:14:58]} 23. Bxc6 {[%clk 0:45:50]} Rxc6 {[%clk 0:15:25]} 24. Rxc6
{[%clk 0:44:40]} Qxc6 {[%clk 0:14:54]} 25. Be1 {[%clk 0:42:29]} Nc2
{[%clk 0:10:37]} 26. Bf2 {[%clk 0:41:50]} Nxd4 {[%clk 0:06:24]} 27. Nxd4
{[%clk 0:37:49]} Bxd4 {[%clk 0:06:49]} 28. Bxd4 {[%clk 0:37:57]} Qd5
{[%clk 0:07:13]} 29. Kh1 {[%clk 0:37:51]} Qxd4 {[%clk 0:07:37]} 30. Qc2
{[%clk 0:37:52]} Qd3 {[%clk 0:07:41]} 31. Qxd3 {[%clk 0:37:43]} Rxd3
{[%clk 0:08:07]} 32. Rb1 {[%clk 0:38:04]} Kh7 {[%clk 0:08:28]} 33. Kg1
{[%clk 0:38:26]} Kg6 {[%clk 0:08:27]} 34. b4 {[%clk 0:38:49]} Ra3
{[%clk 0:07:53]} 35. bxa5 {[%clk 0:38:55]} bxa5 {[%clk 0:08:19]} 36. Kf2
{[%clk 0:39:12]} Rxa4 {[%clk 0:08:42]} 37. g3 {[%clk 0:39:21]} Ra2+
{[%clk 0:08:55]} 38. Kg1 {[%clk 0:39:40]} a4 {[%clk 0:09:00]} 39. h4
{[%clk 0:39:45]} a3 {[%clk 0:08:41]} 40. g4 {[%clk 0:40:03]} Rb2 {[%clk 0:08:49]}
0-1

[Event "EUYCC 2025 - U12"]
[Site "?"]
[Date "2025.08.24"]
[Round "6.10"]
[White "Cibickova, Diana"]
[Black "Ganea, Yanis-Andrei"]
[Result "0-1"]
[BlackElo "1917"]
[WhiteElo "1502"]
[LiveChessVersion "1.4.8"]

1. e4 {[%clk 1:30:55]} e5 {[%clk 1:30:53]} 2. Nf3 {[%clk 1:31:20]} Nc6
{[%clk 1:31:19]} 3. Nc3 {[%clk 1:31:39]} Nf6 {[%clk 1:31:16]} 4. d4
{[%clk 1:32:03]} exd4 {[%clk 1:27:10]} 5. Nxd4 {[%clk 1:32:14]} Bb4
{[%clk 1:27:34]} 6. Nxc6 {[%clk 1:32:27]} bxc6 {[%clk 1:27:58]} 7. Bd3
{[%clk 1:32:18]} d5 {[%clk 1:28:09]} 8. exd5 {[%clk 1:32:20]} cxd5
{[%clk 1:28:26]} 9. O-O {[%clk 1:31:22]} O-O {[%clk 1:28:49]} 10. Bg5
{[%clk 1:31:02]} c6 {[%clk 1:28:07]} 11. Qf3 {[%clk 1:28:41]} Be6
{[%clk 1:27:30]} 12. Bxf6 {[%clk 1:27:04]} Qxf6 {[%clk 1:27:39]} 13. Qxf6
{[%clk 1:27:28]} gxf6 {[%clk 1:28:03]} 14. Ne2 {[%clk 1:26:08]} Bd6
{[%clk 1:27:42]} 15. Nd4 {[%clk 1:10:21]} c5 {[%clk 1:26:54]} 16. Nf3
{[%clk 0:55:52]} Rab8 {[%clk 1:26:36]} 17. b3 {[%clk 0:54:36]} c4
{[%clk 1:20:12]} 18. Be2 {[%clk 0:50:05]} Bc5 {[%clk 1:19:05]} 19. Rfd1
{[%clk 0:44:02]} Kh8 {[%clk 0:32:01]} 20. Nd4 {[%clk 0:26:23]} c3
{[%clk 0:29:35]} 21. Nb5 {[%clk 0:18:16]} Rfc8 {[%clk 0:19:01]} 22. Nxc3
{[%clk 0:14:36]} Bb6 {[%clk 0:18:17]} 23. Nxd5 {[%clk 0:13:33]} Bxd5
{[%clk 0:18:39]} 24. Rxd5 {[%clk 0:13:09]} Rxc2 {[%clk 0:19:01]} 25. Bf3
{[%clk 0:09:53]} Rxf2 {[%clk 0:19:11]} 26. Kh1 {[%clk 0:09:58]} Re8
{[%clk 0:19:11]} 27. Rd7 Rxa2 {[%clk 0:19:19]} 28. Rf1 {[%clk 0:07:23]} Rf2
{[%clk 0:19:20]} 29. Ra1 {[%clk 0:07:21]} Kg7 {[%clk 0:19:08]} 30. h3
{[%clk 0:07:25]} Rb2 {[%clk 0:19:21]} 31. Bd5 {[%clk 0:07:28]} Rf8
{[%clk 0:19:29]} 32. Rf1 {[%clk 0:06:57]} Bf2 {[%clk 0:19:21]} 33. Rd1
{[%clk 0:06:56]} Re2 {[%clk 0:16:50]} 34. Bc4 {[%clk 0:06:00]} Re5
{[%clk 0:16:38]} 35. R1d3 {[%clk 0:05:42]} Rg5 {[%clk 0:15:39]} 36. Rf3
{[%clk 0:05:20]} Bc5 {[%clk 0:14:20]} 37. Rf1 {[%clk 0:05:05]} a5
{[%clk 0:14:31]} 38. Rd5 {[%clk 0:04:53]} Re5 {[%clk 0:11:37]} 39. Rf5
{[%clk 0:03:34]} Re1+ {[%clk 0:11:16]} 40. Rf1 {[%clk 0:03:36]} Rxf1+
{[%clk 0:10:14]} 41. Bxf1 {[%clk 0:04:01]} Bb4 {[%clk 0:10:16]} 42. Bc4
{[%clk 0:03:53]} Bc3 {[%clk 0:07:22]} 43. Rd7 {[%clk 0:03:22]} Kg6
{[%clk 0:07:34]} 44. Rd3 {[%clk 0:03:14]} Be5 {[%clk 0:06:08]} 45. Rd5
{[%clk 0:03:18]} Bc7 {[%clk 0:06:22]} 46. Rd7 {[%clk 0:03:24]} Bb6
{[%clk 0:04:03]} 47. Rd6 {[%clk 0:03:16]} Bc5 {[%clk 0:04:13]} 48. Rd5
{[%clk 0:03:33]} Bb4 {[%clk 0:04:36]} 49. Rd7 {[%clk 0:03:46]} f5
{[%clk 0:04:47]} 50. Bd3 {[%clk 0:03:15]} Re8 {[%clk 0:02:21]} 51. Rd5
{[%clk 0:02:05]} Re1+ {[%clk 0:02:17]} 52. Kh2 {[%clk 0:02:30]} Bc3
{[%clk 0:02:35]} 53. Bxf5+ {[%clk 0:01:57]} Kf6 {[%clk 0:02:55]} 54. Bd3
{[%clk 0:01:47]} Be5+ {[%clk 0:03:16]} 55. g3 {[%clk 0:01:43]} Re3
{[%clk 0:03:32]} 56. Bxh7 {[%clk 0:01:17]} Rxb3 {[%clk 0:03:26]} 57. Rxa5
{[%clk 0:01:17]} Rb2+ {[%clk 0:03:42]} 58. Kg1 {[%clk 0:01:24]} Bxg3
{[%clk 0:03:13]} 59. Bd3 {[%clk 0:01:00]} Be5 {[%clk 0:02:58]} 60. Rb5
{[%clk 0:00:50]} Rd2 {[%clk 0:03:14]} 61. Bc4 {[%clk 0:00:46]} Rd7
{[%clk 0:02:58]} 62. Rd5 {[%clk 0:01:01]} Re7 {[%clk 0:03:15]} 63. Rd1
{[%clk 0:01:16]} Kg5 {[%clk 0:03:40]} 64. Kg2 {[%clk 0:01:23]} f5
{[%clk 0:04:05]} 65. Re1 {[%clk 0:01:34]} Kf6 {[%clk 0:04:05]} 66. Bd3
{[%clk 0:01:44]} Rg7+ {[%clk 0:04:28]} 67. Kh1 {[%clk 0:01:10]} Rg3
{[%clk 0:04:51]} 68. Bf1 {[%clk 0:01:24]} f4 {[%clk 0:05:15]} 69. Bg2
{[%clk 0:01:25]} Kf5 {[%clk 0:05:36]} 70. Rf1 {[%clk 0:01:16]} Bd4
{[%clk 0:05:39]} 71. Rf3 {[%clk 0:01:27]} Rg8 {[%clk 0:06:02]} 72. Rd3
{[%clk 0:01:39]} Ke5 {[%clk 0:06:16]} 73. Rd1 {[%clk 0:01:41]} Rg3
{[%clk 0:06:02]} 74. Re1+ {[%clk 0:01:43]} Kf5 {[%clk 0:06:11]} 75. Rf1
{[%clk 0:01:52]} Rc3 {[%clk 0:06:25]} 76. Rf3 {[%clk 0:01:45]} Rc2
{[%clk 0:06:48]} 77. Rf1 {[%clk 0:01:45]} Be3 {[%clk 0:07:00]} 78. Rb1
{[%clk 0:01:27]} Kg5 {[%clk 0:07:20]} 79. Rf1 {[%clk 0:01:29]} Kh4
{[%clk 0:07:40]} 80. Kh2 {[%clk 0:00:37]} Bf2 {[%clk 0:07:13]} 81. Bf3
{[%clk 0:00:43]} Bg3+ {[%clk 0:07:10]} 82. Kg1 {[%clk 0:00:50]} Kxh3
{[%clk 0:07:31]} 83. Bg2+ {[%clk 0:01:03]} Rxg2+ {[%clk 0:07:50]} 84. Kh1
{[%clk 0:01:09]} Bf2 {[%clk 0:08:03]} 0-1

[Event "EUYCC 2025 - U12"]
[Site "?"]
[Date "2025.08.24"]
[Round "6.11"]
[White "Guzdziol, Olaf"]
[Black "Janovicek, Lukas"]
[Result "0-1"]
[BlackElo "1835"]
[WhiteElo "1492"]
[LiveChessVersion "1.4.8"]

1. e4 {[%clk 1:30:57]} c5 {[%clk 1:30:57]} 2. Nf3 {[%clk 1:31:09]} Nc6
{[%clk 1:31:20]} 3. Bb5 {[%clk 1:31:09]} d6 {[%clk 1:29:55]} 4. c3
{[%clk 1:31:00]} Nf6 {[%clk 1:27:52]} 5. e5 {[%clk 1:30:15]} Nd5 {[%clk 1:25:51]}
6. O-O {[%clk 1:29:45]} Bg4 {[%clk 1:20:05]} 7. Qa4 {[%clk 1:22:15]} Bd7
{[%clk 1:19:21]} 8. exd6 {[%clk 1:20:15]} exd6 {[%clk 1:17:49]} 9. Qe4+
{[%clk 1:16:11]} Nce7 {[%clk 1:05:50]} 10. Re1 {[%clk 1:08:23]} Bxb5
{[%clk 0:56:57]} 11. Qxd5 {[%clk 1:08:46]} Bc6 {[%clk 0:56:12]} 12. Qf5
{[%clk 1:08:44]} Qd7 {[%clk 0:53:54]} 13. Qf4 {[%clk 1:07:17]} h6
{[%clk 0:45:56]} 14. d4 {[%clk 1:05:46]} c4 {[%clk 0:43:48]} 15. Na3
{[%clk 1:04:48]} Bd5 {[%clk 0:40:01]} 16. Nh4 {[%clk 1:00:33]} Be6
{[%clk 0:32:12]} 17. Qe4 {[%clk 0:52:48]} d5 {[%clk 0:29:39]} 18. Qc2
{[%clk 0:50:06]} g5 {[%clk 0:26:34]} 19. Nf3 {[%clk 0:50:28]} Ng6
{[%clk 0:25:45]} 20. b3 {[%clk 0:48:22]} b5 {[%clk 0:23:50]} 21. bxc4
{[%clk 0:48:34]} bxc4 {[%clk 0:24:01]} 22. Rb1 {[%clk 0:48:22]} Bg7
{[%clk 0:22:35]} 23. Bd2 {[%clk 0:45:40]} O-O {[%clk 0:21:37]} 24. Rb4
{[%clk 0:44:46]} Rab8 {[%clk 0:21:08]} 25. Qb2 {[%clk 0:44:18]} Rxb4
{[%clk 0:18:18]} 26. Qxb4 {[%clk 0:44:35]} Rc8 {[%clk 0:17:35]} 27. Rb1
{[%clk 0:44:44]} Bf8 {[%clk 0:17:34]} 28. Qa5 {[%clk 0:44:35]} Qd8
{[%clk 0:12:22]} 29. Qxd8 {[%clk 0:43:57]} Rxd8 {[%clk 0:12:47]} 30. Nc2
{[%clk 0:43:03]} Bf5 {[%clk 0:12:29]} 31. Rb2 {[%clk 0:43:24]} Bxc2
{[%clk 0:11:19]} 32. Rxc2 {[%clk 0:43:48]} Rb8 {[%clk 0:11:37]} 33. Bc1
{[%clk 0:44:08]} Rb1 {[%clk 0:11:39]} 34. Ne1 {[%clk 0:43:12]} Nf4
{[%clk 0:08:07]} 35. Bd2 {[%clk 0:41:31]} Ba3 {[%clk 0:06:21]} 36. Kf1
{[%clk 0:41:51]} Nd3 {[%clk 0:05:58]} 37. Ke2 {[%clk 0:42:05]} Nxe1
{[%clk 0:05:32]} 38. Bxe1 {[%clk 0:42:29]} Kf8 {[%clk 0:05:28]} 39. Bd2
{[%clk 0:42:39]} Ke7 {[%clk 0:05:30]} 40. Kf3 {[%clk 0:42:59]} f5
{[%clk 0:05:02]} 41. g4 {[%clk 0:42:31]} f4 {[%clk 0:05:07]} 42. Kg2
{[%clk 0:41:48]} Kd6 {[%clk 0:05:11]} 43. Kf3 {[%clk 0:41:21]} Kc6
{[%clk 0:05:31]} 44. Kg2 {[%clk 0:41:24]} Kb5 {[%clk 0:05:45]} 45. h4
{[%clk 0:40:37]} Ka4 {[%clk 0:05:19]} 46. hxg5 {[%clk 0:40:44]} hxg5
{[%clk 0:05:44]} 47. Kf3 {[%clk 0:40:15]} Bb2 {[%clk 0:03:29]} 48. Ke2
{[%clk 0:39:43]} Ka3 {[%clk 0:03:30]} 0-1

[Event "EUYCC 2025 - U12"]
[Site "?"]
[Date "2025.08.24"]
[Round "6.12"]
[White "Kroslakova, Michaela"]
[Black "Rudys, Augustas"]
[Result "0-1"]
[BlackElo "1555"]
[WhiteElo "1655"]
[LiveChessVersion "1.4.8"]

1. e4 {[%clk 1:30:57]} c5 {[%clk 1:30:47]} 2. Nf3 {[%clk 1:31:14]} a6
{[%clk 1:31:05]} 3. d4 {[%clk 1:31:36]} cxd4 {[%clk 1:31:27]} 4. Nxd4
{[%clk 1:31:47]} Nf6 {[%clk 1:31:45]} 5. Nc3 {[%clk 1:31:19]} e5 {[%clk 1:31:51]}
6. Nf3 {[%clk 1:28:50]} Bb4 {[%clk 1:31:29]} 7. Bd3 {[%clk 1:27:03]} d5
{[%clk 1:30:49]} 8. O-O {[%clk 1:25:40]} Bxc3 {[%clk 1:29:57]} 9. bxc3
{[%clk 1:25:43]} dxe4 {[%clk 1:29:32]} 10. Nxe5 {[%clk 1:23:35]} exd3
{[%clk 1:28:21]} 11. cxd3 {[%clk 1:23:51]} O-O {[%clk 1:26:35]} 12. Ba3
{[%clk 1:23:04]} Re8 {[%clk 1:26:14]} 13. d4 {[%clk 1:22:07]} Nc6
{[%clk 1:25:04]} 14. Nxc6 {[%clk 1:22:02]} bxc6 {[%clk 1:25:09]} 15. Qf3
{[%clk 1:18:17]} Bg4 {[%clk 1:23:10]} 16. Qf4 {[%clk 1:14:58]} Be2
{[%clk 1:20:40]} 17. Rfe1 {[%clk 1:14:59]} Bc4 {[%clk 1:20:03]} 18. Re5
{[%clk 1:11:59]} Nd5 {[%clk 1:18:34]} 19. Qg3 {[%clk 1:11:17]} Rxe5
{[%clk 1:18:09]} 20. dxe5 {[%clk 1:11:38]} Qd7 {[%clk 1:17:30]} 21. Qh4
{[%clk 1:10:09]} Be2 {[%clk 1:11:29]} 22. Qd4 {[%clk 1:08:07]} Qg4
{[%clk 1:07:49]} 23. Qxg4 {[%clk 1:06:57]} Bxg4 {[%clk 1:08:05]} 24. c4
{[%clk 1:06:27]} Nb6 {[%clk 1:07:42]} 25. Rc1 {[%clk 1:02:12]} Rd8
{[%clk 1:06:45]} 26. Bd6 {[%clk 1:02:26]} Nc8 {[%clk 1:04:53]} 27. c5
{[%clk 1:02:49]} Be6 {[%clk 1:04:23]} 28. a3 {[%clk 1:02:28]} f6 {[%clk 1:03:38]}
29. f4 {[%clk 1:02:44]} Kf7 {[%clk 0:59:24]} 30. Rb1 {[%clk 1:02:17]} Nxd6
{[%clk 0:57:38]} 31. cxd6 {[%clk 1:02:15]} Rd7 {[%clk 0:55:58]} 32. Rb6
{[%clk 1:01:59]} fxe5 {[%clk 0:55:57]} 33. fxe5 {[%clk 1:02:16]} Bd5
{[%clk 0:56:00]} 34. Rb8 {[%clk 0:59:42]} c5 {[%clk 0:53:36]} 35. Rc8
{[%clk 0:58:31]} c4 {[%clk 0:52:32]} 36. Rc5 {[%clk 0:58:13]} Ke6
{[%clk 0:52:15]} 37. Kf2 {[%clk 0:57:34]} Kxe5 {[%clk 0:52:19]} 38. Rc7
{[%clk 0:57:26]} Rxc7 {[%clk 0:52:31]} 39. dxc7 {[%clk 0:57:47]} Be6
{[%clk 0:52:51]} 40. Ke3 {[%clk 0:58:01]} Kd6 {[%clk 0:53:03]} 41. c8=Q
{[%clk 0:57:58]} Bxc8 {[%clk 0:53:27]} 42. Kd4 Kd5+ 0-1